Countries with Highest Percentage of People Living in Extreme Poverty - Statistics

General Stats
  • This quiz has been taken 27 times
    22 since last reset
  • The average score is 17 of 23
Answer Stats
Percentage Total population Number in Extreme Poverty Answer % Correct
80% 16,590,820 13,324,141 South Sudan
100%
33% 18,929,980 6,195,381 Chad
95%
45% 29,305,700 13,073,885 Niger
95%
78% 12,906,300 10,083,864 Burundi
90%
60% 5,455,720 3,274,092 Central African Republic
86%
42% 18,952,240 8,014,848 Somalia
86%
31% 236,318,960 73,099,724 Nigeria
81%
76% 46,108,120 35,170,569 Afghanistan
76%
69% 103,389,580 71,557,183 Democratic Republic of the Congo
76%
71% 6,048,680 4,288,248 Eritrea
76%
72% 24,385,800 17,590,937 Malawi
76%
34% 6,436,420 2,200,693 Republic of the Congo
76%
32% 56,805,920 18,171,643 Uganda
76%
31% 37,874,680 11,825,725 Angola
71%
69% 36,137,120 25,011,038 Mozambique
71%
33% 73,448,800 23,919,691 Tanzania
71%
39% 19,436,900 7,562,479 Zimbabwe
71%
30% 2,420,360 716,316 Lesotho
67%
66% 31,420,120 20,679,352 Madagascar
67%
55% 22,221,120 12,319,833 Zambia
67%
43% 35,397,660 15,150,738 Venezuela
62%
69% 35,140,980 24,177,087 Yemen
62%
32% 731,400 230,619 Solomon Islands
48%
No matching quizzes found
Score Distribution
Percent of People with Each Score
Percentile by Number Answered
Your Score History
You have not taken this quiz since the last reset